| 000 | 00564nam a22001937a 4500 | ||
|---|---|---|---|
| 005 | 20251108164213.0 | ||
| 008 | 250721s1991 xx 000 0 ara d | ||
| 082 | 1 | 4 | _a214.2/صاي |
| 100 | 1 | _aالصايم، محمد | |
| 245 | 1 | 0 | _aالوصايا العشر للوقاية من الجن و الشياطين / |
| 264 | 1 |
_aالقاهرة : _bدار الفضيلة، _c1991. |
|
| 300 | _a63ص | ||
| 650 | 1 | 7 | _aالإسلام |
| 650 | 1 | 7 | _aالوعظ و الإرشاد |
| 650 | 1 | 7 | _aالذكر |
| 650 | 1 | 7 | _aالشيطان |
| 942 |
_2ddc _cBK |
||
| 999 |
_c6264 _d6264 |
||